<?xml version='1.0' encoding='UTF-8'?>
  <record xmlns="http://www.loc.gov/MARC21/slim">
    <leader>00000cas a2200000 i 4500</leader>
    <controlfield tag="001">ocm72656070</controlfield>
    <controlfield tag="003">OCoLC</controlfield>
    <controlfield tag="005">20251214102844.8</controlfield>
    <controlfield tag="008">800201d18761966ne bn p       0   b0dut d</controlfield>
    <datafield tag="040" ind1=" " ind2=" ">
      <subfield code="a">NLGGC</subfield>
      <subfield code="b">dut</subfield>
      <subfield code="e">fobidrtb</subfield>
      <subfield code="c">NLGGC</subfield>
      <subfield code="d">WURST</subfield>
      <subfield code="d">L2U</subfield>
      <subfield code="d">OCLCQ</subfield>
      <subfield code="d">OCLCL</subfield>
      <subfield code="d">OCLCQ</subfield>
    </datafield>
    <datafield tag="022" ind1=" " ind2=" ">
      <subfield code="a">0927-5177</subfield>
    </datafield>
    <datafield tag="029" ind1="0" ind2=" ">
      <subfield code="a">NLGGC</subfield>
      <subfield code="b">800371321</subfield>
    </datafield>
    <datafield tag="035" ind1=" " ind2=" ">
      <subfield code="a">(OCoLC)72656070</subfield>
    </datafield>
    <datafield tag="080" ind1=" " ind2=" ">
      <subfield code="a">91.</subfield>
    </datafield>
    <datafield tag="082" ind1="0" ind2="4">
      <subfield code="a">910.6</subfield>
      <subfield code="q">OCoLC</subfield>
      <subfield code="1">https://id.oclc.org/worldcat/ddc/E3RM9BRvF4TkymwkCbBhXKJhjw</subfield>
    </datafield>
    <datafield tag="084" ind1=" " ind2=" ">
      <subfield code="a">74.00</subfield>
      <subfield code="2">bcl</subfield>
    </datafield>
    <datafield tag="210" ind1="0" ind2=" ">
      <subfield code="a">Tijdschr. Aardrijkskd. Genoot.</subfield>
    </datafield>
    <datafield tag="222" ind1=" " ind2="0">
      <subfield code="a">Tijdschrift van het Aardrijkskundig Genootschap</subfield>
    </datafield>
    <datafield tag="245" ind1="0" ind2="0">
      <subfield code="a">Tijdschrift van het Aardrijkskundig Genootschap.</subfield>
    </datafield>
    <datafield tag="246" ind1="3" ind2=" ">
      <subfield code="a">Tijdschrift van het Nederlandsch Aardrijkskundig Genootschap</subfield>
    </datafield>
    <datafield tag="246" ind1="3" ind2=" ">
      <subfield code="a">Tijdschrift van het Koninklijk Nederlandsch Aardrijkskundig Genootschap</subfield>
    </datafield>
    <datafield tag="246" ind1="3" ind2=" ">
      <subfield code="a">Kartografie</subfield>
    </datafield>
    <datafield tag="260" ind1=" " ind2=" ">
      <subfield code="a">Amsterdam :</subfield>
      <subfield code="b">Stemler,</subfield>
      <subfield code="c">1876-1966.</subfield>
    </datafield>
    <datafield tag="300" ind1=" " ind2=" ">
      <subfield code="a">v. ;</subfield>
      <subfield code="c">24 cm.</subfield>
    </datafield>
    <datafield tag="310" ind1=" " ind2=" ">
      <subfield code="a">Verscheen vanaf 2e ser., dl. 19 (1902) 6x per jaar, vanaf 1951 4x per jaar</subfield>
    </datafield>
    <datafield tag="336" ind1=" " ind2=" ">
      <subfield code="a">tekst</subfield>
      <subfield code="b">txt</subfield>
      <subfield code="2">rdacontent/dut</subfield>
    </datafield>
    <datafield tag="337" ind1=" " ind2=" ">
      <subfield code="a">zonder medium</subfield>
      <subfield code="b">n</subfield>
      <subfield code="2">rdamedia/dut</subfield>
    </datafield>
    <datafield tag="338" ind1=" " ind2=" ">
      <subfield code="a">band</subfield>
      <subfield code="b">nc</subfield>
      <subfield code="2">rdacarrier/dut</subfield>
    </datafield>
    <datafield tag="362" ind1="0" ind2=" ">
      <subfield code="a">Dl. 1 (1876)-dl. 7 (1883) ; 2e ser., dl. 1 (1884)-dl. 83 (1966).</subfield>
    </datafield>
    <datafield tag="500" ind1=" " ind2=" ">
      <subfield code="a">Later uitg.: Amsterdam : Brinkman ; Utrecht : Beijers.</subfield>
    </datafield>
    <datafield tag="500" ind1=" " ind2=" ">
      <subfield code="a">Van 2e ser., dl. 1 (1884) - 2e ser., dl. 4 (1887) en van 2e ser., dl. 58 (1941) - 2e ser., dl. 60 (1943) uitg. door: Nederlandsch Aardrijkskundig Genootschap o.d.t.: Tijdschrift van het Nederlandsch Aardrijkskundig Genootschap.</subfield>
    </datafield>
    <datafield tag="500" ind1=" " ind2=" ">
      <subfield code="a">Vanaf 2e ser., dl. 5 (1888) uitg. door: Koninklijk Nederlandsch Aardrijkskundig Genootschap o.d.t.: Tijdschrift van het Koninklijk Nederlandsch Aardrijkskundig Genootschap.</subfield>
    </datafield>
    <datafield tag="500" ind1=" " ind2=" ">
      <subfield code="a">2e ser., dl. 1-6 gesplitst in de afd.: Verslagen en aardrijkskundige mededelingen, en de afd.: Meer uitgebreide artikelen.</subfield>
    </datafield>
    <datafield tag="504" ind1=" " ind2=" ">
      <subfield code="a">Systematisch reg. 1-4, 1876-1960. [1:] 1876-1904 (1905); 2: 1905-1922 (1923); 3: 1923-1940 (1942); 4: 1941-1960 (1963).</subfield>
    </datafield>
    <datafield tag="504" ind1=" " ind2=" ">
      <subfield code="a">Reg. op 2e ser., dl. 45 (1928) - 2e ser., dl. 50 (1933).</subfield>
    </datafield>
    <datafield tag="530" ind1=" " ind2=" ">
      <subfield code="a">Titel is (deels) gedigitaliseerd voor UB Amsterdam in het kader van Metamorfoze.</subfield>
    </datafield>
    <datafield tag="505" ind1="0" ind2=" ">
      <subfield code="a">Bevat: Kartografie : mededelingen van de kartografische sectie van het Koninklijk Nederlandsch Aardrijkskundig Genootschap. -- [Nr. 1 1958] -- nr. 32/33 [okt. 1966]</subfield>
    </datafield>
    <datafield tag="650" ind1=" " ind2="7">
      <subfield code="a">74.00 (human) geography: general.</subfield>
      <subfield code="0">(NL-LeOCL)07761089X</subfield>
      <subfield code="2">bcl</subfield>
    </datafield>
    <datafield tag="650" ind1="1" ind2="7">
      <subfield code="a">Geografie.</subfield>
      <subfield code="2">gtt</subfield>
      <subfield code="0">(NL-LeOCL)078517397</subfield>
    </datafield>
    <datafield tag="653" ind1="0" ind2="0">
      <subfield code="a">geografie</subfield>
    </datafield>
    <datafield tag="653" ind1="0" ind2="0">
      <subfield code="a">geography</subfield>
    </datafield>
    <datafield tag="653" ind1="0" ind2="0">
      <subfield code="a">regions</subfield>
    </datafield>
    <datafield tag="653" ind1="0" ind2="0">
      <subfield code="a">reizen</subfield>
    </datafield>
    <datafield tag="653" ind1="0" ind2="0">
      <subfield code="a">travel</subfield>
    </datafield>
    <datafield tag="653" ind1="0" ind2="0">
      <subfield code="a">beschrijvingen</subfield>
    </datafield>
    <datafield tag="653" ind1="0" ind2="0">
      <subfield code="a">descriptions</subfield>
    </datafield>
    <datafield tag="653" ind1="0" ind2="0">
      <subfield code="a">nederland</subfield>
    </datafield>
    <datafield tag="653" ind1="0" ind2="0">
      <subfield code="a">netherlands</subfield>
    </datafield>
    <datafield tag="653" ind1="1" ind2="0">
      <subfield code="a">Geography of the Netherlands</subfield>
    </datafield>
    <datafield tag="653" ind1="1" ind2="0">
      <subfield code="a">Geografie van Nederland</subfield>
    </datafield>
    <datafield tag="710" ind1="2" ind2=" ">
      <subfield code="a">Aardrijkskundig Genootschap (Amsterdam)</subfield>
      <subfield code="0">(NL-LeOCL)07542827X</subfield>
    </datafield>
    <datafield tag="710" ind1="2" ind2=" ">
      <subfield code="a">Nederlandsch Aardrijkskundig Genootschap (Amsterdam)</subfield>
      <subfield code="0">(NL-LeOCL)075428288</subfield>
    </datafield>
    <datafield tag="710" ind1="2" ind2=" ">
      <subfield code="a">Koninklijk Nederlandsch Aardrijkskundig Genootschap.</subfield>
      <subfield code="0">(NL-LeOCL)075332477</subfield>
    </datafield>
    <datafield tag="776" ind1="0" ind2=" ">
      <subfield code="t">Tijdschrift van het Aardrijkskundig Genootschap</subfield>
      <subfield code="w">(NL-LeOCL)40907862X</subfield>
    </datafield>
    <datafield tag="785" ind1="0" ind2="4">
      <subfield code="t">Geografisch tijdschrift,</subfield>
      <subfield code="x">0016-7215</subfield>
    </datafield>
    <datafield tag="787" ind1="1" ind2="8">
      <subfield code="i">Van 1876 t/m 1883 met suppl.:</subfield>
      <subfield code="t">Tijdschrift van het Aardrijkskundig Genootschap. Bijbladen,</subfield>
      <subfield code="x">0927-5185</subfield>
    </datafield>
    <datafield tag="936" ind1=" " ind2=" ">
      <subfield code="a">BATCHLOAD</subfield>
    </datafield>
  </record>